<?xml version="1.0" encoding="UTF-8"?>
<record
    xmlns:xsi="http://www.w3.org/2001/XMLSchema-instance"
    xsi:schemaLocation="http://www.loc.gov/MARC21/slim http://www.loc.gov/standards/marcxml/schema/MARC21slim.xsd"
    xmlns="http://www.loc.gov/MARC21/slim">

  <leader>00435nam a22001697i 4500</leader>
  <controlfield tag="001">1949</controlfield>
  <controlfield tag="003">OSt</controlfield>
  <controlfield tag="005">20170126082301.0</controlfield>
  <controlfield tag="007">tu</controlfield>
  <controlfield tag="008">161220s1987    xxu||||| |||| 00| 0     d</controlfield>
  <datafield tag="024" ind1="7" ind2=" ">
    <subfield code="a">1948</subfield>
    <subfield code="2">RID</subfield>
  </datafield>
  <datafield tag="040" ind1=" " ind2=" ">
    <subfield code="c">OSt</subfield>
  </datafield>
  <datafield tag="245" ind1="0" ind2="0">
    <subfield code="a">Amtsblatt der Europ&#xE4;ischen Gemeinschaften.  Rechtsvorschriften, L 31: 2.2.87</subfield>
  </datafield>
  <datafield tag="260" ind1=" " ind2=" ">
    <subfield code="a">Luxemburg,</subfield>
    <subfield code="c">1987.</subfield>
  </datafield>
  <datafield tag="300" ind1=" " ind2=" ">
    <subfield code="a">226 S. ;</subfield>
    <subfield code="c">30cm.</subfield>
  </datafield>
  <datafield tag="110" ind1="2" ind2=" ">
    <subfield code="a">Amt f. Ver&#xF6;ffentlichungen der EG</subfield>
    <subfield code="e">Ed.</subfield>
  </datafield>
  <datafield tag="942" ind1=" " ind2=" ">
    <subfield code="c">B</subfield>
  </datafield>
  <datafield tag="999" ind1=" " ind2=" ">
    <subfield code="c">1928</subfield>
    <subfield code="d">1928</subfield>
  </datafield>
  <datafield tag="952" ind1=" " ind2=" ">
    <subfield code="0">0</subfield>
    <subfield code="1">0</subfield>
    <subfield code="4">0</subfield>
    <subfield code="7">0</subfield>
    <subfield code="a">BIB</subfield>
    <subfield code="b">BIB</subfield>
    <subfield code="c">2</subfield>
    <subfield code="d">1995-02-20</subfield>
    <subfield code="i">1949</subfield>
    <subfield code="l">0</subfield>
    <subfield code="o">II-4.750</subfield>
    <subfield code="p">301947</subfield>
    <subfield code="r">2017-01-26 00:00:00</subfield>
    <subfield code="w">2017-01-26</subfield>
    <subfield code="y">B</subfield>
  </datafield>
</record>
